| 000 | 00393nam a2200181Ia 4500 | ||
|---|---|---|---|
| 008 | 090124s9999 xx 000 0 und d | ||
| 082 | _b37428 | ||
| 100 | _aBOLAN MACK | ||
| 245 | _aDEAD EASY | ||
| 250 | _a1 | ||
| 260 |
_bA GOLD EAGLE BOOK _c1987 |
||
| 300 | _a379 | ||
| 600 | _aBOLAN MACK | ||
| 630 | _aDEAD EASY | ||
| 700 | _aBOLAN MACK | ||
| 730 | _aDEAD EASY | ||
| 942 | _cBOOK | ||
| 999 |
_c106541 _d106541 |
||